《新婚之爱》The first years of forever / (Record no. 18037)
[ view plain ]
| 000 -LEADER | |
|---|---|
| fixed length control field | 00734nam a2200193 4500 |
| 008 - FIXED-LENGTH DATA ELEMENTS--GENERAL INFORMATION | |
| fixed length control field | 031106s1988 miua b 000 0 eng |
| 020 ## - INTERNATIONAL STANDARD BOOK NUMBER | |
| International Standard Book Number | 9575872932 |
| 090 ## - LOCALLY ASSIGNED LC-TYPE CALL NUMBER (OCLC); LOCAL CALL NUMBER (OCLC) | |
| Classification number (OCLC) (R) ; Classification number, CALL (RLIN) (NR) | HQ734 |
| Local cutter number (OCLC) ; Book number/undivided call number, CALL (RLIN) | W56f |
| 100 1# - MAIN ENTRY--PERSONAL NAME | |
| Personal name | 惠特、柏金絲合 Wheat, Ed. |
| 245 14 - TITLE STATEMENT | |
| Title | 《新婚之爱》The first years of forever / |
| Statement of responsibility, etc | 惠特、柏金絲合 Ed Wheat with Gloria Okes Perkins. |
| 260 ## - PUBLICATION, DISTRIBUTION, ETC. (IMPRINT) | |
| Place of publication, distribution, etc | Taipei : |
| Name of publisher, distributor, etc | 校園書房 Campus Evangelical Fellowship, c1992. |
| 300 ## - PHYSICAL DESCRIPTION | |
| Extent | 259 p.. |
| 504 ## - BIBLIOGRAPHY, ETC. NOTE | |
| Bibliography, etc | Bibliography. |
| 650 #4 - SUBJECT ADDED ENTRY--TOPICAL TERM | |
| Topical term or geographic name as entry element | 婚姻問題 Marriage |
| General subdivision | Religious aspects |
| -- | Christianity {ch}. |
| 650 #4 - SUBJECT ADDED ENTRY--TOPICAL TERM | |
| Topical term or geographic name as entry element | 婚姻輔導 Marriage |
| Geographic subdivision | United States {ch}. |
| 951 ## - EQUIVALENCE OR CROSS-REFERENCE-GEOGRAPHIC NAME/AREA NAME [OBSOLETE] [CAN/MARC only] | |
| General subdivision | 00028875 |
| 700 1# - ADDED ENTRY--PERSONAL NAME | |
| Personal name | Perkins, Gloria Okes. |
| 951 ## - EQUIVALENCE OR CROSS-REFERENCE-GEOGRAPHIC NAME/AREA NAME [OBSOLETE] [CAN/MARC only] | |
| -- | C-4783 |
| -- | HQ734/W56f |
| -- | 070613111321531 |
| -- | 2000-12-21 |
| -- | CH |
| 942 00 - ADDED ENTRY ELEMENTS (KOHA) | |
| Koha issues (borrowed), all copies | 1 |
| Withdrawn status | Lost status | Damaged status | Not for loan | Home library | Current library | Shelving location | Date acquired | Accession number | Shelving control number | Total Checkouts | Full call number | Barcode | Date last seen | Date last borrowed | Price effective from | Koha item type |
|---|---|---|---|---|---|---|---|---|---|---|---|---|---|---|---|---|
| BSOP Library | BSOP Library | Chinese Books (General Circulation) | 12/21/2000 | C-4783 | 127 | 1 | HQ734/W56f | 00028875 | 01/17/2020 | 01/15/2020 | 02/23/2013 | Books |
